Central Library OPAC University of Rajshahi

সুব্রহ্মণ্য ভারতীর গদ্য সংগ্রহ / (Record no. 48694)

MARC details
000 -LEADER
fixed length control field 01141nam a2200241 a 4500
001 - CONTROL NUMBER
control field 48694
003 - CONTROL NUMBER IDENTIFIER
rucl marc code BD-RjUL
005 - DATE AND TIME OF LATEST TRANSACTION
control field 20211209054553.0
008 - FIXED-LENGTH DATA ELEMENTS--GENERAL INFORMATION
fixed length control field 160816s1979 ii ||||| |||| 00| 0 ben d
020 ## - INTERNATIONAL STANDARD BOOK NUMBER
Terms of availability : Irs. 9.00
035 ## - SYSTEM CONTROL NUMBER
System control number (BD-RjUL)48813
040 ## - CATALOGING SOURCE
Original cataloging agency BD-RjUL
Language of cataloging ben
Transcribing agency BD-RjUL
041 ## - LANGUAGE CODE
Language code of text/sound track or separate title ben
082 ## - DEWEY DECIMAL CLASSIFICATION NUMBER
Edition number 23
Classification number 891.4408
Author mark and year SUB 1979
245 00 - TITLE STATEMENT
Title সুব্রহ্মণ্য ভারতীর গদ্য সংগ্রহ /
Statement of responsibility, etc. সম্পাদক পেরিয়স্বামী তুরন ; অনুবাদ বিষ্ণুপদ ভট্টাচার্য
260 ## - PUBLICATION, DISTRIBUTION, ETC. (IMPRINT)
Place of publication, distribution, etc. নয়াদিল্লি :
Name of publisher, distributor, etc. ন্যাশনাল বুক ট্রাস্ট,
Date of publication, distribution, etc. ১৯৭৯
300 ## - PHYSICAL DESCRIPTION
Pagination [১২], ১৬০ পৃ. ;
Size ১৯ সেমি
650 ## - SUBJECT ADDED ENTRY--TOPICAL TERM
Topical term or geographic name as entry element বাংলা সাহিত্য
General subdivision সংগ্রহ
9 (RLIN) 122902
Topical term or geographic name as entry element Bengali Literature
General subdivision Collection
9 (RLIN) 122903
700 ## - ADDED ENTRY--PERSONAL NAME
Personal name তুরন, পেরিয়স্বামী, সম্পাদক
Personal name ভট্টাচার্য, বিষ্ণুপদ, অনুবাদক
942 ## - ADDED ENTRY ELEMENTS (KOHA)
Source of classification or shelving scheme Dewey Decimal Classification
Koha item type Books
Holdings
Lost status Source of classification or shelving scheme Damaged status Not for loan Collection code Permanent Location Current Location Shelving location Date acquired Source of acquisition Total Checkouts Full call number Date last seen Copy number Koha item type
  Dewey Decimal Classification     Non-fiction Central Library, University of Rajshahi Central Library, University of Rajshahi   27/02/1986 Indian High Commission   B 891.4408 SUB 1979 16/08/2016 C-2 Books